[Event "GER-ch U08"]
[Site "Willingen"]
[Date "2023.06.01"]
[Round "4"]
[White "Sriram, Aumkar"]
[Black "Thirumal, Shravan"]
[Result "1-0"]
[WhiteElo "1126"]
[BlackElo "1118"]
[PlyCount "61"]
[EventDate "2023.05.30"]
[EventType "swiss"]
[EventRounds "7"]
[EventCountry "GER"]
[SourceTitle "CBM 214 Extra"]
[Source "ChessBase"]
[SourceDate "2023.07.31"]
[SourceVersion "1"]
[SourceVersionDate "2023.07.31"]
[SourceQuality "1"]

1. d4 Nf6 2. Nc3 d6 3. Bf4 g6 4. e4 Bg7 5. Qd2 h6 6. Bd3 a6 7. Nf3 b5 8. a3 Bb7 9. e5 dxe5 10. dxe5 Nd5 11. Nxd5 Bxd5 12. Qe2 0-0 13. c4 bxc4 14. Bxc4 Bxc4 15. Qxc4 e6 16. Qe4 c6 17. 0-0 Qb6 18. Rab1 Nd7 19. Qe3 Qxe3 20. fxe3 g5 21. Bg3 Rfd8 22. h3 Nc5 23. Rbc1 Nd3 24. Rc2 Rab8 25. Rd1 Kf8 26. Rcd2 Rb3 27. Ne1 Rd5 28. Nxd3 a5 29. Nc5 Rxc5 30. Rd8+ Ke7 31. R1d7# 1-0